00736nam a2200301Ia 4500008004100000020001800041050001400059100001900073245002900092245002200121260001900143260002200162260000900184300001500193300002600208300001000234440001700244500001000261650001500271650001200286650002300298650002700321650002400348650002000372650001900392700001200411700001100423181129s9999 xx 000 0 und d a9780531217887 bM372 2016 aMarsico, Katie 0aHighest and the lowest / 0cby Katie Marsico. aNew York, NY : bChildren's Press, c2016 a48 pages : bcolor illustrations ; c21cm. aA true book. a1010L aAltitudes. aAsia -- aClimatic extremes. aNorth Pacific Ocean -- aPhysical geography. xMariana Trench. xMount Everest. aSeries. aTitle.